MARC

LEADER 00000nam0a2200000 4500
001 325594
005 20231102003758.0
035 |a (RuTPU)RU\TPU\book\351209 
090 |a 325594 
100 |a 20161208d1967 km y0rusy50 ca 
101 0 |a rus 
102 |a RU 
105 |a a z 001zy 
200 1 |a Приближенное исследование автоколебаний методом корневого годографа  |f Э. Г. Удерман 
210 |a Москва  |c Энергия  |d 1967 
215 |a 176 с.  |c ил. 
225 1 |a Библиотека по автоматике  |v Вып. 249 
320 |a Библиогр.: с. 174-175 
606 1 |a Автоматические системы регулирования  |x Нелинейные  |2 stltpush  |3 (RuTPU)RU\TPU\subj\803  |9 29609 
610 1 |a исследования 
610 1 |a гармоническая линеаризация 
610 1 |a линеаризованные системы 
610 1 |a метод корневого годографа 
610 1 |a следящие системы 
610 1 |a внешние воздействия 
675 |a 681.511.4  |v 4 
675 |a 621.01:534  |v 4 
700 1 |a Удерман  |b Э. Г.  |g Эмануил Григорьевич 
801 1 |a RU  |b 63413507  |c 20161208 
801 2 |a RU  |b 63413507  |c 20220721  |g RCR 
942 |c BK